000 01204nam a2200253Ia 4500
999 _c40511
_d40511
001 7122
003 GE_BSU
005 20230919171941.0
008 181216s2011||||ge |||||||||||||| ||geo||
020 _a9789941193156
040 _cGE_BSU
041 _ageo
080 _a821.353.1+821.353.1-32 ი-72
100 _aიოსელიანი, ოტია
_919848
245 _aჩემი ასავალ-დასავალი :
_bიოგრაფიულიავტობ მოთხრობები /
_cოტია იოსელიანი ; სარედ.ჯგუფი : ზურაბ აბაშიძე, მანანა ჯანელიძე, ირმა ხარშილაძე.
264 _aთბილისი :
_bპალიტრა L,
_c2011.
300 _a400 გვ. :
_bფოტო-პორტრეტი ;
_c20 სმ.
490 _aჩემი რჩეული
_vტ 23
_xISSN 2233- 3037
541 _h8ლ.
653 _aავტობიოგრაფიული მოთხრობები
653 _aმოთხრობები
653 _aჩემი ასავალ-დასავალი
942 _cBK
_2udc